| 000 | 02057nam a22003613i 4500 | ||
|---|---|---|---|
| 001 | EBC31600934 | ||
| 003 | MiAaPQ | ||
| 005 | 20260417131151.0 | ||
| 007 | cr cnu|||||||| | ||
| 008 | 260416s2024 xx o ||||0 ger d | ||
| 020 |
_a9783451833915 _q(electronic bk.) |
||
| 040 |
_aMiAaPQ _beng _cMiAaPQ |
||
| 100 | 1 |
_aAselmeyer, Norman. _969057 |
|
| 245 | 1 | 0 |
_a"Stadt der Kolonien" : _bWie Bremen Den Deutschen Kolonialismus Prägte. |
| 250 | _a1st ed. | ||
| 264 | 1 |
_aMünchen : _bHerder Verlag, _c2024. |
|
| 264 | 4 | _c{copy}2024. | |
| 300 | _a1 online resource (289 pages) | ||
| 336 |
_aText _btxt _2rdacontent |
||
| 337 |
_aComputermedien _bc _2rdamedia |
||
| 338 |
_aOnline Resource _bcr _2rdacarrier |
||
| 500 | _aE-Book-ProQuest / Fernzugriff nach Registrierung möglich | ||
| 520 | _aThis book explores Bremen's historical involvement in German colonialism, highlighting the city's role as a commercial hub that both benefited from and contributed to colonial ventures. It delves into Bremen's engagement with European colonialism through trade in commodities like coffee, cotton, and tobacco, and examines how this history is reflected in the city's landmarks and collective memory, such as the iconic stone elephant monument. The book addresses the critical examination of Bremen's colonial past since the 1970s, featuring accounts from activists and scholars on significant sites, events, and figures related to colonial and postcolonial narratives. It is an informative resource for readers interested in Germany's colonial history and its lasting impacts on contemporary society. | ||
| 651 | 0 |
_aBremen (Germany) _969058 |
|
| 653 | _aPostcolonialism. | ||
| 655 |
_aFernzugriff _9230 |
||
| 655 | 4 | _aElectronic books. | |
| 700 | 1 |
_aKamche, Virginie. _969059 |
|
| 776 | 0 | 8 |
_iPrint version: _aAselmeyer, Norman _t"Stadt der Kolonien" _dMünchen : Herder Verlag,c2024 |
| 856 | 4 | 0 |
_uhttps://ebookcentral.proquest.com/lib/maxweberstiftung-ebooks/detail.action?docID=31600934 _zVolltext |
| 942 |
_cEB _2z |
||
| 999 |
_c74087 _d74087 |
||